00353nam a2200121 450000500170000010000190001724500840003626400230012030000180014333600220016133700240018333800240020720260530115257.01 aJenny Mulherin10aTécnicas de Presentación para el Artista Gráfico -Manuales de Diseño GG 1bGustavo Gilic1990 a144 páginas atexto2rdacontent asin medio2rdamedia avolumen2rdacarrier